Trnava. : Mapa mesta.

Uložené v:
Podrobná bibliografia
Médium: Kniha
Jazyk:Slovak
Vydané: Trenčín : Euroverlag SR, spol. s r.o., 1993
Vydanie:1. vyd.
Témy:
ISBN: 8088690145 (Skladačka)
Fyzický popis: Nestr.
Tagy: Pridať tag
Žiadne tagy, Buďte prvý kto otaguje tento záznam!

MARC

LEADER 00000nam a2200000 a 4500
001 000073413
003 SVKK
005 20010430000000.0
008 000214s1993 xo e sloo
020 |a 8088690145 (Skladačka) 
040 |a SVKKK  |b slo  |c SVKKK  |e AACR2 
041 0 |a slo 
044 |a xo  |c SK 
080 |a 912.43(437.627)  |2 1997 
245 0 0 |a Trnava. :  |b Mapa mesta. 
250 |a 1. vyd. 
260 |a Trenčín :  |b Euroverlag SR, spol. s r.o.,  |c 1993 
300 |a Nestr. 
653 0 |a Trnava (Slovensko)  |2 SVKKKPH 
653 0 |a mapy orientačné  |2 SVKKKPH 
655 7 |a mapy  |2 SVKKKPH 
910 |a svkkk 
919 |a 80-88690-14-5 
974 |a MI  |d 20000214 
974 |a PA  |d 20000214 
974 |a PA  |d 20010430 
998 |a BK 
090 |g SCKHL  |k Sklad Hlavná 10 prízemie  |a I.65226  |j 869579  |i 2720379770  |s Absenčne 
090 |g SCKHL  |k Sklad Hlavná 10 prízemie  |a I.65227  |j 869580  |i 2720379769  |s Absenčne 
090 |g SCKHL  |k Sklad Hlavná 10 prízemie  |a I.65228  |j 869581  |i 2720379774  |s Absenčne